Search the Library Catalogue
| 000 -LEADER | |
|---|---|
| fixed length control field | 00529nam a2200193Ia 4500 |
| 008 - FIXED-LENGTH DATA ELEMENTS--GENERAL INFORMATION | |
| fixed length control field | 241212s9999 xx 000 0 und d |
| 020 ## - INTERNATIONAL STANDARD BOOK NUMBER | |
| ISBN | 9789354354458 |
| Paper back/Hardbound | pbk |
| 041 ## - LANGUAGE CODE | |
| Language code of text/sound track or separate title | eng |
| 082 ## - DEWEY DECIMAL CLASSIFICATION NUMBER | |
| Classification number | 308 |
| Item number | BRO |
| 100 ## - MAIN ENTRY--AUTHOR NAME | |
| Personal name | Brown, Chris |
| 245 #0 - TITLE STATEMENT | |
| Title | Understanding international relations |
| Statement of responsibility, etc | Chirs Brown |
| 250 ## - EDITION STATEMENT | |
| Edition statement | Fifth edition |
| 260 ## - PUBLICATION, DISTRIBUTION, ETC. (IMPRINT) | |
| Name of publisher | Bloomsbury, |
| Year of publication | 2022 |
| Place of publication | New Delhi |
| 300 ## - PHYSICAL DESCRIPTION | |
| Number of Pages | 308 p. |
| Dimensions | 23 cm. |
| 504 ## - BIBLIOGRAPHY, ETC. NOTE | |
| Bibliography, etc | Includes bibliographies and index |
| 650 ## - SUBJECT ADDED ENTRY--TOPICAL TERM | |
| Topical Term | Internation Relations ; Global Economy |
| 942 ## - ADDED ENTRY ELEMENTS (KOHA) | |
| Koha item type | English Books |
| Withdrawn status | Lost status | Damaged status | Not for loan | Home library | Current library | Shelving location | Date acquired | Cost, normal purchase price | Full call number | Accession Number | Price effective from | Koha item type | Copy number |
|---|---|---|---|---|---|---|---|---|---|---|---|---|---|
| Anna Centenary Library | Anna Centenary Library | 3RD FLOOR, B WING | 02.08.2024 | 699.00 | 327 BRO | 697231 | 02.08.2024 | English Books | |||||
| Anna Centenary Library | Anna Centenary Library | 3RD FLOOR, B WING | 02.08.2024 | 699.00 | 327 BRO;1 | 697232 | 02.08.2024 | English Books | 1 | ||||
| Anna Centenary Library | Anna Centenary Library | 02.08.2024 | 308 BRO | 02.05.2025 | English Books |